| 000 | 01253cam a22003497a 4500 | ||
|---|---|---|---|
| 003 | CHAP | ||
| 005 | 20220329142602.0 | ||
| 008 | 010920d2001 mx r 00110 spa d | ||
| 010 | _a85305 | ||
| 011 | _a86277 | ||
| 035 | _a96815 | ||
| 040 | _cCHAP | ||
| 090 | _aTesis | ||
| 100 | 0 | 0 |
_aVilla Estala, Zenón. _9119354 |
| 245 | 1 | 0 |
_aAnálisis de la producción y la comercialización del melón (Cucumis melo L.) en la región lagunera _c/por Zenón Villa Estala |
| 260 |
_aChapingo, Méx. : _bEl autor, _c1992. |
||
| 300 |
_a98 h. ; _banexo |
||
| 502 | _aTesis (Ing. Agr. Esp. en Economía Agrícola) -- UACH. Departamento de Economía Agrícola | ||
| 590 |
_aALEPH _b10 _c20130110 _lUCH01 _h1446 |
||
| 590 |
_aBATCH-UPD _b10 _c20130110 _lUCH01 _h0501 |
||
| 590 |
_aBATCH-UPD _b10 _c20130410 _lUCH01 _h0139 |
||
| 590 |
_aBATCH-UPD _b10 _c20130914 _lUCH01 _h1811 |
||
| 590 |
_aCONVERSION _b10 _c20130109 _lUCH01 _h1347 |
||
| 650 | 1 | 4 |
_aMelón _xComarca Lagunera. _974443 |
| 650 | 1 | 4 |
_aMelón _xMercadeo. _974467 |
| 650 | 1 | 4 |
_aMelón _xRendimiento. _974477 |
| 901 | _aBK | ||
| 905 | _aAlejandra Carrasco M. | ||
| 942 | _cFOLL | ||
| 949 |
_aTesis _bBC _cTES _d33724000862660 _eTS2 _fc.2 _h39177 _i96815 _si |
||
| 949 |
_aTesis _bBC _cTES _d968151 _eTS1 _h39176 _i96815 _sb |
||
| 999 |
_c85305 _d85305 |
||